Statystyki dla 15 najbardziej dotkniętych krajów Covid-19 - 28 maja 2021

Kliknij tutaj aby rozwiązać quiz!

Ogólne statystyki

  • Ten quiz został rozwiązany 16 razy
  • Średni wynik to 16 z 28

Statystyki odpowiedzi

total
cases
daily
gain
rate per
million
country% Poprawnych
27 719 431171 726Indie
100%
2 870 595946Polska
100%
34 022 65722 813102 244Stany Zjednoczone
100%
5 646 897
11 26886 338Francja
93%
3 680 1596190Niemcy
93%
4 209 7073738Włochy
93%
16 392 65750 495Brazylia
87%
3 668 6585482Hiszpania
87%
4 477 7054182Wielka Brytania
87%
5 044 4599252Rosja
80%
2 405 7223000Meksyk
73%
3 702 42239 207Argentyna
60%
90 719Belgia
60%
95 597Holandia
60%
154 795Czechy
53%
97 410Estonia
47%
105 205Szwecja
47%
5 228 3227773Turcja
47%
101 701Litwa
40%
121 749Słowenia
40%
2 886 11110 253Iran
33%
90 010Izrael
27%
3 342 56723 374Kolumbia
27%
87 112Chorwacja
20%
85 855Gruzja
13%
86 117Panama
13%
83 374Węgry
13%
132 465Bahrajn
7%

Rozkład punktacji

Percentyl według liczby udzielonych odpowiedzi

Procent ludzi z każdym wynikiem

Twoja historia wyników

Nie rozwiązałeś tego quizu